000 00802nam a2200181 a 4500
008 160901s2000 ||||||||||||||||| || u
020 _a0735709688
050 _aQA 76.3 Mai
100 _aMaione, Dennis
245 1 0 _aMCSE Windows 2000 directory services infrastrucure: training guide
_cBy Dennis Maione
260 _aIndianapolis:
_bNew Riders
_c2000
300 _axix, 799p.: ill.
500 _aIncludes 4 volumes and CD-ROMS Exam 70-210 Exam 70-215 Exam 70-216 Exam 70-217
650 _aMICROSOFT WINDOWS SERVER
650 0 _aMICROSOFT SOFTWARE--EXAMINATIONS--STUDY GUIDES
650 _aELECTRONIC DATA PROCESSING PERSONNEL--CERTIFICATE
995 _aMAIN LIBRARY OPEN ACCESS
_e746921
_FCBU-MAIN LIBRARY (Kitwe)
_jQA 76.3 Mai
_M1
_UAVAILABLE
_WJan 23, 2018
_y746921
_ZMain Library Open Access Collection
999 _c82797
_d82797